| 000 | 00608nam a2200205 a 4500 | ||
|---|---|---|---|
| 005 | 20210223133721.0 | ||
| 008 | 181212s2017 mx r 000 0 spa d | ||
| 020 | _a9786070292743 | ||
| 035 | _aUPN01000228311 | ||
| 049 | _aCG | ||
| 050 | 4 |
_aB3184.5 _bV5.7 |
|
| 100 | 1 |
_aVillalobos Alvarez, Rebeca _942418 |
|
| 245 | 1 | 0 |
_aTres variaciones del historicismo en el siglo XX : _bMeinecke, Croce y O'Gorman / _cRebeca Villalobos Alvarez. |
| 260 |
_aMéxico : _bUNAM, _cc2017. |
||
| 300 | _a129 p. | ||
| 440 | 0 | _aSeminarios | |
| 650 | 4 |
_aHISTORICISMO - _xFILOSOFIA _95786 |
|
| 905 | _aLibro | ||
| 999 |
_c200406 _d200406 |
||